[Event "BL2-West 2223"]
[Site "Germany"]
[Date "2022.11.27"]
[Round "4.3"]
[White "Dubiel, Jacek"]
[Black "Fritsche, Lutz"]
[Result "1/2-1/2"]
[WhiteElo "2379"]
[BlackElo "2306"]
[PlyCount "73"]
[EventDate "2022.10.22"]
[EventType "team-tourn"]
[EventRounds "10"]
[EventCountry "GER"]
[SourceTitle "EXT 2024"]
[Source "ChessBase"]
[SourceDate "2023.10.10"]
[SourceVersion "1"]
[SourceVersionDate "2023.10.10"]
[SourceQuality "1"]
[WhiteTeam "Oberursel"]
[BlackTeam "Koblenz"]
[WhiteTeamCountry "GER"]
[BlackTeamCountry "GER"]

1. e4 d6 2. d4 g6 3. Nc3 Bg7 4. Be3 a6 5. f4 b5 6. Bd3 Nd7 7. e5 Nh6 8. Nf3 Bb7 9. Be4 Qc8 10. Bxb7 Qxb7 11. Qd3 Nf5 12. Bf2 c5 13. exd6 cxd4 14. Ne4 0-0 15. 0-0 Qd5 16. dxe7 Rfe8 17. Rfe1 Rxe7 18. Ng3 Rxe1+ 19. Rxe1 Nxg3 20. hxg3 Nc5 21. Qa3 Rc8 22. Rd1 Ne4 23. c3 Nxf2 24. Kxf2 d3 25. Qb3 Qc5+ 26. Kf1 Rd8 27. Rd2 a5 28. a3 Qc4 29. Qd1 b4 30. axb4 axb4 31. cxb4 Bxb2 32. Rxb2 d2+ 33. Kf2 Qc1 34. Qxd2 Rxd2+ 35. Rxd2 Qb1 36. Rd4 Kf8 37. g4 1/2-1/2

[Event "Gladenbach IM"]
[Site "Gladenbach"]
[Date "2022.08.30"]
[Round "2"]
[White "Dubiel, Jacek"]
[Black "Kersten, Uwe"]
[Result "1-0"]
[WhiteElo "2396"]
[BlackElo "2253"]
[PlyCount "75"]
[EventDate "2022.08.29"]
[EventType "tourn"]
[EventRounds "11"]
[EventCountry "GER"]
[EventCategory "2"]
[SourceTitle "CBM 210 Extra"]
[Source "ChessBase"]
[SourceDate "2022.11.30"]
[SourceVersion "1"]
[SourceVersionDate "2022.11.30"]
[SourceQuality "1"]

1. e4 c5 2. Nf3 d6 3. d4 cxd4 4. Nxd4 Nf6 5. Nc3 a6 6. Be3 e5 7. Nb3 Be6 8. f4 exf4 9. Bxf4 Be7 10. Qe2 Nc6 11. h3 Nd7 12. 0-0-0 Nce5 13. Kb1 0-0 14. g4 Rc8 15. Qe3 Re8 16. Rh2 Bf8 17. Qg3 Qc7 18. g5 b5 19. h4 Nb6 20. h5 Nbc4 21. Nd5 Bxd5 22. exd5 g6 23. hxg6 hxg6 24. Bc1 Bg7 25. Qh3 Nd7 26. Bxc4 bxc4 27. Qh7+ Kf8 28. Nd4 Bxd4 29. Rxd4 Re1 30. Rh1 Rxh1 31. Qxh1 Ne5 32. Bf4 Qc5 33. Qh8+ Ke7 34. Qf6+ Kf8 35. Bxe5 dxe5 36. d6 Kg8 37. Rd1 Qc6 38. d7 1-0

[Event "Gladenbach IM"]
[Site "Gladenbach"]
[Date "2022.08.29"]
[Round "1"]
[White "Stork, Oliver"]
[Black "Dubiel, Jacek"]
[Result "1-0"]
[WhiteElo "2321"]
[BlackElo "2396"]
[PlyCount "87"]
[EventDate "2022.08.29"]
[EventType "tourn"]
[EventRounds "11"]
[EventCountry "GER"]
[EventCategory "2"]
[SourceTitle "CBM 210 Extra"]
[Source "ChessBase"]
[SourceDate "2022.11.30"]
[SourceVersion "1"]
[SourceVersionDate "2022.11.30"]
[SourceQuality "1"]

1. e4 e5 2. Nf3 Nc6 3. Bb5 a6 4. Ba4 Nf6 5. 0-0 Be7 6. Re1 b5 7. Bb3 d6 8. c3 0-0 9. h3 Na5 10. Bc2 d5 11. d4 dxe4 12. Nxe5 c5 13. dxc5 Qc7 14. Ng4 Bb7 15. Nd2 Nxg4 16. hxg4 e3 17. Rxe3 Bxc5 18. Rh3 f5 19. gxf5 Rae8 20. b4 Qc6 21. Nf3 Rd8 22. Bb3+ Nc4 23. Qf1 Bb6 24. Ne5 Qf6 25. Nxc4 bxc4 26. Bxc4+ Kh8 27. Be3 Bxe3 28. Rxe3 Qxf5 29. Qe2 Qg5 30. Rg3 Qf4 31. Rg4 Qf6 32. Re1 Qxc3 33. Qe5 Qxe5 34. Rxe5 Rd1+ 35. Kh2 Rd7 36. Rf4 Ra8 37. Ref5 g6 38. Rf7 Bc6 39. Rf8+ Rxf8 40. Rxf8+ Kg7 41. Rg8+ Kh6 42. Bxa6 Rd2 43. b5 Be4 44. Re8 1-0

[Event "Oberliga Ost-B 2122"]
[Site "Germany"]
[Date "2022.07.03"]
[Round "7.3"]
[White "Glaessl, Matthias"]
[Black "Dubiel, Jacek"]
[Result "1/2-1/2"]
[WhiteElo "2164"]
[BlackElo "2419"]
[PlyCount "31"]
[EventDate "2021.10.10"]
[EventType "team-tourn"]
[EventRounds "11"]
[EventCountry "GER"]
[SourceTitle "EXT 2023"]
[Source "ChessBase"]
[SourceDate "2022.10.05"]
[SourceVersion "1"]
[SourceVersionDate "2022.10.05"]
[SourceQuality "1"]
[WhiteTeam "Gera"]
[BlackTeam "Oberursel"]
[WhiteTeamCountry "GER"]
[BlackTeamCountry "GER"]

1. e4 e5 2. Nf3 Nc6 3. Bb5 a6 4. Bxc6 dxc6 5. d4 exd4 6. Qxd4 Qxd4 7. Nxd4 Bd7 8. Be3 0-0-0 9. Nd2 c5 10. Ne2 b6 11. 0-0-0 Ne7 12. Nf4 f5 13. f3 g5 14. Nd3 f4 15. Bf2 Bg7 16. h4 1/2-1/2

[Event "GER-ch"]
[Site "Magdeburg"]
[Date "2020.08.22"]
[Round "9"]
[White "Dubiel, Jacek"]
[Black "Bindrich, Falko"]
[Result "1/2-1/2"]
[WhiteElo "2414"]
[BlackElo "2605"]
[PlyCount "70"]
[EventDate "2020.08.16"]
[EventType "swiss"]
[EventRounds "9"]
[EventCountry "GER"]
[SourceTitle "CBM 197 Extra"]
[Source "ChessBase"]
[SourceDate "2020.09.30"]
[SourceVersion "1"]
[SourceVersionDate "2020.09.30"]
[SourceQuality "1"]

1. e4 e5 2. Nf3 Nc6 3. Nc3 Nf6 4. Bb5 Bb4 5. 0-0 0-0 6. Bxc6 dxc6 7. Nxe5 Re8 8. Nd3 Bxc3 9. dxc3 Nxe4 10. Qf3 Qf6 11. Qxf6 Nxf6 12. Bf4 Nd5 13. Rfe1 Bf5 14. Bg3 b5 15. Nb4 Nxb4 16. cxb4 Bxc2 17. Bxc7 f6 18. f3 Kf7 19. Kf2 Bd3 20. Rxe8 Rxe8 21. Re1 Rxe1 22. Kxe1 Bc4 23. a3 Ke6 24. Bb8 a6 25. Kf2 Kd5 26. Ba7 f5 27. Ke3 Bf1 28. g3 g6 29. Bd4 f4+ 30. gxf4 Bh3 31. Bf6 Bf5 32. Bc3 Kc4 33. Bf6 Kd5 34. Bc3 Kc4 35. Bf6 Kd5 1/2-1/2

[Event "GER-ch"]
[Site "Magdeburg"]
[Date "2020.08.20"]
[Round "7"]
[White "Dubiel, Jacek"]
[Black "Braun, Georg"]
[Result "1-0"]
[WhiteElo "2414"]
[BlackElo "2360"]
[PlyCount "121"]
[EventDate "2020.08.16"]
[EventType "swiss"]
[EventRounds "9"]
[EventCountry "GER"]
[SourceTitle "CBM 197 Extra"]
[Source "ChessBase"]
[SourceDate "2020.09.30"]
[SourceVersion "1"]
[SourceVersionDate "2020.09.30"]
[SourceQuality "1"]

1. e4 c6 2. d4 d5 3. e5 Bf5 4. h4 h5 5. c4 e6 6. Nc3 Ne7 7. Nge2 Nd7 8. Ng3 Bg4 9. f3 Bf5 10. cxd5 exd5 11. Bg5 Be6 12. Qd2 f6 13. exf6 gxf6 14. Be3 Nb6 15. 0-0-0 Qd7 16. Kb1 0-0-0 17. Ka1 Kb8 18. Bd3 Nf5 19. Bf4+ Ka8 20. Nxf5 Bxf5 21. Rde1 Nc4 22. Qc2 Bxd3 23. Qxd3 Rg8 24. Re2 Bd6 25. Bxd6 Nxd6 26. Na4 Qf5 27. Qa3 Qf4 28. Nc5 Nb5 29. Ne6 Qb8 30. Qd3 Rde8 31. Rhe1 a6 32. Qf5 Qg3 33. a4 Nd6 34. Qxf6 Rg6 35. Qf4 Ka7 36. Qxg3 Rxg3 37. Nf4 Rxe2 38. Rxe2 Nf5 39. Nxh5 Rg8 40. g4 Nxh4 41. Rf2 Kb6 42. Nf6 Rg7 43. f4 Rf7 44. Nh5 c5 45. Kb1 cxd4 46. Kc2 Ka5 47. Kd3 Kxa4 48. f5 Kb3 49. Kxd4 a5 50. Kxd5 b5 51. Ke6 Rh7 52. Nf6 Rh8 53. g5 a4 54. g6 b4 55. g7 Ra8 56. Nd7 Ra6+ 57. Kf7 Ra8 58. Nc5+ Ka2 59. Nxa4 Ra7+ 60. Kf6 Ra6+ 61. Kg5 1-0

[Event "GER-ch"]
[Site "Magdeburg"]
[Date "2020.08.18"]
[Round "4"]
[White "Dubiel, Jacek"]
[Black "Muckle, Julius"]
[Result "1/2-1/2"]
[WhiteElo "2414"]
[BlackElo "2386"]
[PlyCount "62"]
[EventDate "2020.08.16"]
[EventType "swiss"]
[EventRounds "9"]
[EventCountry "GER"]
[SourceTitle "CBM 197 Extra"]
[Source "ChessBase"]
[SourceDate "2020.09.30"]
[SourceVersion "1"]
[SourceVersionDate "2020.09.30"]
[SourceQuality "1"]

1. e4 e6 2. d4 d5 3. Nd2 c5 4. exd5 exd5 5. Ngf3 Nc6 6. Bb5 Bd6 7. 0-0 Nge7 8. dxc5 Bxc5 9. Nb3 Bd6 10. Re1 0-0 11. Nfd4 Qc7 12. h3 Bd7 13. c3 Rfe8 14. Bd3 a6 15. Qc2 Ng6 16. Rxe8+ Rxe8 17. Bd2 Nce5 18. Re1 Qc8 19. Bf1 Nc4 20. Rxe8+ Qxe8 21. Bc1 Nf4 22. Nf5 Bxf5 23. Qxf5 Ne2+ 24. Bxe2 Qxe2 25. g3 Ne5 26. Qc8+ Bf8 27. Be3 Nf3+ 28. Kg2 Ne1+ 29. Kg1 Nf3+ 30. Kg2 Ne1+ 31. Kg1 Nf3+ 1/2-1/2

[Event "Titled Tuesday intern op 14th April"]
[Site "Chess.com INT"]
[Date "2020.04.14"]
[Round "7"]
[White "Dubiel, Jacek"]
[Black "Jia, Haoxiang"]
[Result "1/2-1/2"]
[WhiteElo "2414"]
[BlackElo "2331"]
[PlyCount "99"]
[EventDate "2020.04.14"]
[EventType "swiss (blitz)"]
[EventRounds "10"]
[EventCountry "USA"]
[SourceTitle "EXT 2021"]
[Source "ChessBase"]
[SourceDate "2020.10.23"]
[SourceVersion "1"]
[SourceVersionDate "2020.10.23"]
[SourceQuality "1"]

1. e4 c5 2. Nf3 e6 3. d4 cxd4 4. Nxd4 a6 5. Bd3 Nf6 6. 0-0 Qc7 7. Kh1 d6 8. f4 Nbd7 9. Qe2 Be7 10. c3 b6 11. Nd2 Bb7 12. Bc2 0-0 13. N2f3 g6 14. Bd2 Rfe8 15. Rad1 Bf8 16. Bc1 Rac8 17. Rfe1 Nh5 18. Qf2 Bh6 19. f5 Bxc1 20. Rxc1 exf5 21. exf5 Ne5 22. fxg6 hxg6 23. Bb3 Nd3 24. Rxe8+ Rxe8 25. Qc2 Nhf4 26. Rd1 Be4 27. Ng5 d5 28. Nxe4 dxe4 29. g3 Nh3 30. Rf1 Re7 31. Qg2 Ng5 32. h4 Nf3 33. Nxf3 exf3 34. Qxf3 Ne5 35. Qf4 Qc6+ 36. Kh2 Kg7 37. Qd4 Kh7 38. Kh3 Qc8+ 39. g4 Qc6 40. Qd5 Qc7 41. Re1 f6 42. Re4 Qc8 43. Kg3 Rd7 44. Qe6 Rd3+ 45. Kf2 Qc5+ 46. Kg2 Rd2+ 47. Kh3 Rd3+ 48. Kg2 Rd2+ 49. Kh3 Rd3+ 50. Kg2 1/2-1/2

[Event "Titled Tuesday intern op 14th April"]
[Site "Chess.com INT"]
[Date "2020.04.14"]
[Round "5"]
[White "Dubiel, Jacek"]
[Black "Khachatryan, Anna"]
[Result "1-0"]
[WhiteElo "2414"]
[BlackElo "2071"]
[PlyCount "39"]
[EventDate "2020.04.14"]
[EventType "swiss (blitz)"]
[EventRounds "10"]
[EventCountry "USA"]
[SourceTitle "EXT 2021"]
[Source "ChessBase"]
[SourceDate "2020.10.23"]
[SourceVersion "1"]
[SourceVersionDate "2020.10.23"]
[SourceQuality "1"]

1. e4 c5 2. Nf3 Nc6 3. Nc3 g6 4. d4 cxd4 5. Nxd4 Bg7 6. Be3 Nf6 7. f4 0-0 8. e5 Ne8 9. Bc4 d6 10. e6 f5 11. Qd2 Nf6 12. 0-0-0 Qa5 13. Kb1 a6 14. Nxc6 bxc6 15. Nd5 Qd8 16. Bb6 Qe8 17. Nc7 Qd8 18. Nxa8 Qe8 19. Nc7 Qd8 20. Nd5 1-0

[Event "Titled Tuesday intern op 14th April"]
[Site "Chess.com INT"]
[Date "2020.04.14"]
[Round "1"]
[White "Nguyen, Van Huy"]
[Black "Dubiel, Jacek"]
[Result "1-0"]
[WhiteElo "2444"]
[BlackElo "2414"]
[PlyCount "61"]
[EventDate "2020.04.14"]
[EventType "swiss (blitz)"]
[EventRounds "10"]
[EventCountry "USA"]
[SourceTitle "EXT 2021"]
[Source "ChessBase"]
[SourceDate "2020.10.23"]
[SourceVersion "1"]
[SourceVersionDate "2020.10.23"]
[SourceQuality "1"]

1. d4 Nf6 2. c4 e6 3. Nf3 d5 4. g3 dxc4 5. Bg2 c6 6. 0-0 b5 7. Bg5 Bb7 8. Nbd2 Be7 9. b3 cxb3 10. Nxb3 Nbd7 11. Qc2 Rc8 12. Nc5 Bxc5 13. dxc5 Qe7 14. Rac1 h6 15. Bxf6 Nxf6 16. Ne5 0-0 17. Rfd1 Rfd8 18. Rxd8+ Qxd8 19. Rd1 Qc7 20. Rd6 Ne8 21. Rd7 Qxe5 22. Rxb7 Qa1+ 23. Bf1 Rd8 24. Kg2 g6 25. e3 Rd1 26. Be2 Rg1+ 27. Kh3 Qe5 28. Qd3 Nf6 29. Qd8+ Kg7 30. Rb8 Qf5+ 31. g4 1-0

[Event "Titled Tuesday intern op 7th April"]
[Site "Chess.com INT"]
[Date "2020.04.07"]
[Round "6"]
[White "Kotepalli, Sai Nirupama"]
[Black "Dubiel, Jacek"]
[Result "1-0"]
[WhiteElo "1914"]
[BlackElo "2414"]
[PlyCount "71"]
[EventDate "2020.04.07"]
[EventType "swiss (blitz)"]
[EventRounds "10"]
[EventCountry "USA"]
[SourceTitle "EXT 2021"]
[Source "ChessBase"]
[SourceDate "2020.10.23"]
[SourceVersion "1"]
[SourceVersionDate "2020.10.23"]
[SourceQuality "1"]

1. e4 c5 2. Nf3 Nf6 3. d3 Nc6 4. g3 d5 5. exd5 Nxd5 6. Bg2 e5 7. 0-0 Be6 8. Re1 f6 9. c3 Nc7 10. Be3 Be7 11. d4 cxd4 12. cxd4 e4 13. Nfd2 f5 14. Nb3 Nd5 15. Nc3 0-0 16. f3 f4 17. gxf4 exf3 18. Qxf3 Nxe3 19. Qxe3 Bxb3 20. axb3 Bf6 21. Qe6+ Kh8 22. Bxc6 Qxd4+ 23. Kh1 bxc6 24. Qxc6 Qxf4 25. Rf1 Qh4 26. Nd5 Be5 27. Qc2 Rfc8 28. Qe2 Re8 29. Qg2 h6 30. Rae1 Rad8 31. Re2 Qd4 32. Nc3 Qb4 33. Rfe1 Qa5 34. Qg6 Rc8 35. Qh5 Rc5 36. Qxe8+ 1-0

[Event "GER-ch Net blitz qual3"]
[Site "Playchess.com INT"]
[Date "2020.03.21"]
[Round "5"]
[White "Brunke, Christian"]
[Black "Dubiel, Jacek"]
[Result "0-1"]
[WhiteElo "2146"]
[BlackElo "2417"]
[PlyCount "88"]
[EventDate "2020.03.21"]
[EventType "swiss (blitz)"]
[EventRounds "9"]
[EventCountry "GER"]
[SourceTitle "CBM 195 Extra"]
[Source "ChessBase"]
[SourceDate "2020.05.31"]
[SourceVersion "1"]
[SourceVersionDate "2020.05.31"]
[SourceQuality "1"]

1. e4 c5 2. b3 g6 3. Bb2 Nf6 4. e5 Nd5 5. c4 Nc7 6. e6 f6 7. exd7+ Bxd7 8. d4 cxd4 9. Qxd4 Nc6 10. Qd1 e5 11. Nf3 Bg4 12. Be2 Bb4+ 13. Nc3 e4 14. Ng1 Bf5 15. a3 Bc5 16. Nd5 Nxd5 17. Qxd5 Qxd5 18. cxd5 Ne5 19. Bxe5 fxe5 20. b4 Bd4 21. Rc1 Rd8 22. Bc4 Rc8 23. Ne2 Bb2 24. Rc2 Bxa3 25. 0-0 Bxb4 26. Bb5+ Ke7 27. Rb2 a5 28. Ng3 Rc5 29. Ba4 Rxd5 30. Rc1 Rhd8 31. h3 b5 32. Bb3 Rd2 33. Rxd2 Rxd2 34. Rc7+ Kd6 35. Rb7 Kc6 36. Rxh7 a4 37. Bg8 Bc5 38. Nxf5 gxf5 39. Rh6+ Kc7 40. Rh7+ Kb6 41. Rh6+ Ka5 42. Rf6 Rxf2 43. Kh2 e3 44. Rxf5 Rxf5 0-1

[Event "GER-ch Net blitz qual3"]
[Site "Playchess.com INT"]
[Date "2020.03.21"]
[Round "6"]
[White "Dubiel, Jacek"]
[Black "Feuerstack, Aljoscha"]
[Result "0-1"]
[WhiteElo "2417"]
[BlackElo "2463"]
[PlyCount "38"]
[EventDate "2020.03.21"]
[EventType "swiss (blitz)"]
[EventRounds "9"]
[EventCountry "GER"]
[SourceTitle "CBM 195 Extra"]
[Source "ChessBase"]
[SourceDate "2020.05.31"]
[SourceVersion "1"]
[SourceVersionDate "2020.05.31"]
[SourceQuality "1"]

1. e4 c5 2. Nf3 e6 3. d4 cxd4 4. Nxd4 Nf6 5. Nc3 Nc6 6. Ndb5 Bc5 7. Bf4 0-0 8. Bc7 Qe7 9. Bd6 Bxd6 10. Qxd6 Qd8 11. Qc7 d5 12. exd5 exd5 13. Qxd8 Rxd8 14. 0-0-0 d4 15. Na4 Ne4 16. Rg1 Nxf2 17. Re1 Bf5 18. Bc4 d3 19. cxd3 Bxd3 0-1

[Event "GER-ch Net blitz qual3"]
[Site "Playchess.com INT"]
[Date "2020.03.21"]
[Round "3"]
[White "Dubiel, Jacek"]
[Black "Kleeschaetzky, Rainer"]
[Result "1-0"]
[WhiteElo "2417"]
[BlackElo "2293"]
[PlyCount "65"]
[EventDate "2020.03.21"]
[EventType "swiss (blitz)"]
[EventRounds "9"]
[EventCountry "GER"]
[SourceTitle "CBM 195 Extra"]
[Source "ChessBase"]
[SourceDate "2020.05.31"]
[SourceVersion "1"]
[SourceVersionDate "2020.05.31"]
[SourceQuality "1"]

1. e4 e6 2. d4 d5 3. Nd2 Nc6 4. Ngf3 Nf6 5. e5 Nd7 6. Be2 f6 7. exf6 Qxf6 8. Nf1 Bd6 9. Ne3 0-0 10. 0-0 Qg6 11. c4 Nf6 12. b3 Bd7 13. Bb2 b6 14. Rc1 Ne7 15. c5 bxc5 16. dxc5 Bf4 17. Ne5 Qe8 18. Qd4 Bh6 19. Rc2 c6 20. N3g4 Nxg4 21. Nxg4 Qg6 22. Ne5 Qe8 23. Ng4 Qg6 24. Bd3 Qh5 25. Nxh6+ Qxh6 26. Re2 Rf7 27. Bc1 Qf6 28. Qb4 Nf5 29. Bb2 Qd8 30. Rfe1 a5 31. Qg4 g6 32. Bxf5 exf5 33. Qd4 1-0

[Event "GER-ch Net blitz qual3"]
[Site "Playchess.com INT"]
[Date "2020.03.21"]
[Round "8"]
[White "Handke, Florian"]
[Black "Dubiel, Jacek"]
[Result "1-0"]
[WhiteElo "2538"]
[BlackElo "2417"]
[PlyCount "33"]
[EventDate "2020.03.21"]
[EventType "swiss (blitz)"]
[EventRounds "9"]
[EventCountry "GER"]
[SourceTitle "CBM 195 Extra"]
[Source "ChessBase"]
[SourceDate "2020.05.31"]
[SourceVersion "1"]
[SourceVersionDate "2020.05.31"]
[SourceQuality "1"]

1. e4 c5 2. Nf3 Nf6 3. Nc3 d5 4. Bb5+ Bd7 5. e5 Ne4 6. e6 fxe6 7. Ne5 Nf6 8. 0-0 d4 9. Nxd7 Nbxd7 10. Ne2 a6 11. Bc4 e5 12. d3 Nb6 13. Bb3 Nbd5 14. f4 exf4 15. Nxf4 Qd6 16. Bxd5 Nxd5 17. Qh5+ 1-0

[Event "GER-ch Net blitz qual3"]
[Site "Playchess.com INT"]
[Date "2020.03.21"]
[Round "1"]
[White "Isele, Thomas"]
[Black "Dubiel, Jacek"]
[Result "0-1"]
[WhiteElo "2040"]
[BlackElo "2417"]
[PlyCount "76"]
[EventDate "2020.03.21"]
[EventType "swiss (blitz)"]
[EventRounds "9"]
[EventCountry "GER"]
[SourceTitle "CBM 195 Extra"]
[Source "ChessBase"]
[SourceDate "2020.05.31"]
[SourceVersion "1"]
[SourceVersionDate "2020.05.31"]
[SourceQuality "1"]

1. e4 c5 2. Nf3 Nf6 3. d3 Nc6 4. g3 d5 5. Nbd2 e6 6. Bg2 b6 7. 0-0 Bb7 8. Re1 Be7 9. exd5 exd5 10. Nb3 0-0 11. d4 c4 12. Nbd2 b5 13. a3 a5 14. c3 Re8 15. Ne5 Bd6 16. Nxc6 Rxe1+ 17. Qxe1 Bxc6 18. Nf3 Qc7 19. Be3 Ng4 20. Bd2 Re8 21. Qf1 h6 22. Re1 Rb8 23. Qe2 b4 24. axb4 axb4 25. Rc1 bxc3 26. bxc3 Rb2 27. Qe1 Qb8 28. Bh3 Nf6 29. Bf5 g6 30. Bc2 Kg7 31. Rb1 Ne4 32. Bxh6+ Kg8 33. Bd2 Nxd2 34. Nxd2 Kg7 35. Qc1 Rxb1 36. Qxb1 Qe8 37. Kf1 Bd7 38. Qe1 Bh3+ 0-1

[Event "GER-ch Net blitz qual3"]
[Site "Playchess.com INT"]
[Date "2020.03.21"]
[Round "2"]
[White "Sundui, Chinguun"]
[Black "Dubiel, Jacek"]
[Result "0-1"]
[WhiteElo "1931"]
[BlackElo "2417"]
[PlyCount "30"]
[EventDate "2020.03.21"]
[EventType "swiss (blitz)"]
[EventRounds "9"]
[EventCountry "GER"]
[SourceTitle "CBM 195 Extra"]
[Source "ChessBase"]
[SourceDate "2020.05.31"]
[SourceVersion "1"]
[SourceVersionDate "2020.05.31"]
[SourceQuality "1"]

1. Nf3 Nf6 2. b3 e6 3. Bb2 b6 4. e3 Bb7 5. Be2 d5 6. c4 Be7 7. 0-0 0-0 8. cxd5 Nxd5 9. d4 c5 10. Nc3 Bf6 11. Rc1 Nc6 12. a4 cxd4 13. Nxd5 Qxd5 14. Nxd4 Nxd4 15. Bxd4 Qxg2# 0-1

[Event "Oberliga Ost-B 1920"]
[Site "Germany"]
[Date "2020.01.19"]
[Round "7.3"]
[White "Dubiel, Jacek"]
[Black "Braun, Vitali"]
[Result "1/2-1/2"]
[WhiteElo "2417"]
[BlackElo "2356"]
[PlyCount "53"]
[EventDate "2019.09.29"]
[EventType "team-tourn"]
[EventRounds "11"]
[EventCountry "GER"]
[SourceTitle "EXT 2021"]
[Source "ChessBase"]
[SourceDate "2020.10.23"]
[SourceVersion "1"]
[SourceVersionDate "2020.10.23"]
[SourceQuality "1"]
[WhiteTeam "Oberursel"]
[BlackTeam "Griesheim"]
[WhiteTeamCountry "GER"]
[BlackTeamCountry "GER"]

1. e4 e6 2. d4 d5 3. Nd2 c5 4. exd5 Qxd5 5. Ngf3 cxd4 6. Bc4 Qd6 7. 0-0 Nf6 8. Nb3 Nc6 9. Nbxd4 Nxd4 10. Nxd4 a6 11. Re1 Qc7 12. Bf1 Be7 13. Qf3 0-0 14. Bf4 Bd6 15. Bxd6 Qxd6 16. Rad1 Qb6 17. b3 e5 18. Nf5 e4 19. Qf4 Bxf5 20. Qxf5 Rac8 21. c4 Rcd8 22. g3 Rfe8 23. Bg2 Rd4 24. h3 Qd8 25. Rxd4 Qxd4 26. Qf4 b5 27. cxb5 1/2-1/2